[Event "Mindsports Masters GM"]
[Site "London"]
[Date "2022.09.12"]
[Round "5.3"]
[White "Willow, Jonah B"]
[Black "Grieve, Harry"]
[Result "1/2-1/2"]
[WhiteElo "2385"]
[BlackElo "2418"]
[PlyCount "96"]
[EventDate "2022.09.09"]
[EventType "tourn"]
[EventRounds "9"]
[EventCountry "ENG"]
[SourceTitle "BritBase"]
[Source "John Saunders"]
[SourceDate "2022.12.07"]
[SourceVersion "1"]
[SourceVersionDate "2022.12.07"]
[SourceQuality "1"]

1. e4 c5 2. Nf3 e6 3. d4 cxd4 4. Nxd4 Nc6 5. Nc3 Qc7 6. Be3 a6 7. g4 Nxd4 8.
Qxd4 b5 9. O-O-O Bb7 10. f3 Rc8 11. Kb1 b4 12. Bf4 Qc6 13. Ne2 d5 14. Qd2 dxe4
15. Nd4 Qb6 16. Bc4 Nf6 17. g5 Rxc4 18. gxf6 Rxd4 19. Qxd4 Qxd4 20. Rxd4 exf3
21. fxg7 Bxg7 22. Rxb4 Bd5 23. Rg1 Bf6 24. c4 Bc6 25. c5 e5 26. Bxe5 Bxe5 27.
Re1 f6 28. Rb8+ Ke7 29. Rxh8 Bb5 30. c6 f2 31. Rc1 f1=Q 32. Rxf1 Bxf1 33. Rxh7+
Kd8 34. Rd7+ Ke8 35. Rg7 Bh3 36. a4 a5 37. Ra7 f5 38. Rh7 Bg2 39. c7 Bb7 40.
Kc1 f4 41. Kd2 Bd4 42. Rh3 Be3+ 43. Rxe3+ fxe3+ 44. Kxe3 Kd7 45. Kd4 Kxc7 46.
Kc5 Bc6 47. b4 axb4 48. Kxb4 Be4 1/2-1/2

[Event "Mindsports Masters GM"]
[Site "London"]
[Date "2022.09.12"]
[Round "5.4"]
[White "Royal, Shreyas"]
[Black "Roberson, Peter T"]
[Result "1/2-1/2"]
[WhiteElo "2412"]
[BlackElo "2429"]
[PlyCount "140"]
[EventDate "2022.09.09"]
[EventType "tourn"]
[EventRounds "9"]
[EventCountry "ENG"]
[SourceTitle "BritBase"]
[Source "John Saunders"]
[SourceDate "2022.12.07"]
[SourceVersion "1"]
[SourceVersionDate "2022.12.07"]
[SourceQuality "1"]

1. d4 d5 2. c4 c6 3. Nf3 e6 4. Qc2 dxc4 5. Qxc4 Nf6 6. g3 b5 7. Qb3 Bb7 8. Bg2
a6 9. Be3 Nbd7 10. a4 Be7 11. O-O O-O 12. Nbd2 Rb8 13. Rfc1 Nd5 14. Ne4 bxa4
15. Qd3 Nxe3 16. Qxe3 Qb6 17. Nc5 Nxc5 18. dxc5 Qxb2 19. Rab1 Qa2 20. Ne5 Ba8
21. Rxb8 Rxb8 22. Bxc6 a3 23. Bxa8 Rxa8 24. Nc4 Rc8 25. Nb6 Rc7 26. Na4 g6 27.
Qd3 h5 28. Nc3 Qb2 29. Rb1 a2 30. Rxb2 a1=Q+ 31. Rb1 Qa3 32. Rb8+ Kg7 33. Qd4+
Bf6 34. Qd6 Qxc5 35. Ne4 Qxd6 36. Nxd6 Rc1+ 37. Kg2 Be5 38. Rb6 a5 39. f4 Bxd6
40. Rxd6 Rc3 41. Ra6 Ra3 42. e4 a4 43. h4 Ra1 44. Ra8 a3 45. e5 f5 46. exf6+
Kxf6 47. Ra7 a2 48. Ra5 Ke7 49. Kh2 Kd6 50. Kg2 Kc6 51. Kh2 Kb6 52. Ra8 Kc5 53.
Kg2 Kc4 54. Ra6 Kb3 55. Rb6+ Kc3 56. Rc6+ Kb4 57. Ra6 Kc4 58. Ra8 Kd5 59. Ra6
Kd4 60. Ra8 Kd3 61. Ra3+ Ke4 62. Ra6 Kf5 63. Ra5+ Kf6 64. Ra7 e5 65. Ra6+ Kf5
66. fxe5 Kxe5 67. Ra8 Kd4 68. Rd8+ Kc5 69. Rc8+ Kb6 70. Ra8 Kb7 1/2-1/2

[Event "Mindsports Masters GM"]
[Site "London"]
[Date "2022.09.12"]
[Round "6.1"]
[White "Czopor, Maciej"]
[Black "Fitzsimons, David"]
[Result "1-0"]
[WhiteElo "2415"]
[BlackElo "2365"]
[PlyCount "85"]
[EventDate "2022.09.09"]
[EventType "tourn"]
[EventRounds "9"]
[EventCountry "ENG"]
[SourceTitle "BritBase"]
[Source "John Saunders"]
[SourceDate "2022.12.07"]
[SourceVersion "1"]
[SourceVersionDate "2022.12.07"]
[SourceQuality "1"]

1. e4 e6 2. d4 d5 3. e5 c5 4. c3 Qb6 5. Nf3 Bd7 6. Bd3 Bb5 7. dxc5 Bxc5 8. b4
Bxd3 9. Qxd3 Bf8 10. O-O Nc6 11. Be3 Qc7 12. Na3 a6 13. c4 Bxb4 14. cxd5 exd5
15. Rab1 Nge7 16. Nc2 Ba5 17. Bf4 O-O 18. Ne3 Rad8 19. Bg3 Qd7 20. Ng5 Ng6 21.
f4 Bb4 22. Rfc1 Be7 23. h4 Bxg5 24. hxg5 b5 25. Rc5 Nge7 26. Rbc1 d4 27. Nf1
Rc8 28. Bf2 Rfd8 29. Ng3 Nd5 30. Qf3 Nc3 31. Nh5 Ne7 32. Rxc8 Rxc8 33. Rc2 d3
34. Rd2 Rd8 35. Bb6 Rb8 36. Rxd3 Ned5 37. Bc5 b4 38. Bd6 Rb5 39. Kh2 a5 40.
Nf6+ gxf6 41. gxf6 Qf5 42. Qg3+ Qg6 43. Qh3 1-0

[Event "Mindsports Masters GM"]
[Site "London"]
[Date "2022.09.12"]
[Round "6.2"]
[White "Roberson, Peter T"]
[Black "Cherniaev, Alexander"]
[Result "1/2-1/2"]
[WhiteElo "2429"]
[BlackElo "2395"]
[PlyCount "81"]
[EventDate "2022.09.09"]
[EventType "tourn"]
[EventRounds "9"]
[EventCountry "ENG"]
[SourceTitle "BritBase"]
[Source "John Saunders"]
[SourceDate "2022.12.07"]
[SourceVersion "1"]
[SourceVersionDate "2022.12.07"]
[SourceQuality "1"]

1. e4 g6 2. d4 d6 3. Nc3 Bg7 4. Be3 c6 5. f4 b5 6. a3 a6 7. Nf3 Nd7 8. Be2 Nb6
9. O-O Nf6 10. Qe1 a5 11. Bd3 b4 12. axb4 axb4 13. Rxa8 Nxa8 14. Nd1 Qb6 15. e5
Nd5 16. exd6 O-O 17. dxe7 Re8 18. Bd2 Rxe7 19. Qf2 Nac7 20. c4 bxc3 21. bxc3
Ba6 22. Bxa6 Qxa6 23. Re1 Rxe1+ 24. Qxe1 c5 25. dxc5 Bf8 26. g3 Bxc5+ 27. Kg2
Qa2 28. Nf2 Ne6 29. Qe5 h5 30. f5 gxf5 31. c4 Qxc4 32. Ng5 Nxg5 33. Bxg5 Bxf2
34. Kxf2 Qe4 35. Qb8+ Kg7 36. Qb2+ f6 37. Bd2 h4 38. Qb7+ Kg6 39. Qc8 Qd4+ 40.
Ke2 Qe4+ 41. Kf2 1/2-1/2

[Event "Mindsports Masters GM"]
[Site "London"]
[Date "2022.09.12"]
[Round "6.3"]
[White "Grieve, Harry"]
[Black "Royal, Shreyas"]
[Result "1-0"]
[WhiteElo "2418"]
[BlackElo "2412"]
[PlyCount "79"]
[EventDate "2022.09.09"]
[EventType "tourn"]
[EventRounds "9"]
[EventCountry "ENG"]
[SourceTitle "BritBase"]
[Source "John Saunders"]
[SourceDate "2022.12.07"]
[SourceVersion "1"]
[SourceVersionDate "2022.12.07"]
[SourceQuality "1"]

1. e4 e5 2. Nf3 Nc6 3. Bb5 a6 4. Ba4 Nf6 5. d4 exd4 6. O-O Be7 7. e5 Ne4 8.
Nxd4 Nxd4 9. Qxd4 Nc5 10. Nc3 O-O 11. Bb3 Nxb3 12. cxb3 d6 13. Bf4 dxe5 14.
Qxe5 Bd6 15. Qd4 Bxf4 16. Qxf4 Be6 17. Rad1 Qe7 18. Rfe1 c6 19. Rd3 Rfe8 20.
Rg3 Kh8 21. h4 Rad8 22. Ree3 h6 23. Ne4 Qf8 24. Rxg7 Qxg7 25. Nf6 Rd1+ 26. Kh2
Red8 27. Rg3 R1d4 28. Rxg7 Kxg7 29. Qe5 Kf8 30. Nh7+ Kg8 31. Nf6+ Kf8 32. h5
Rd2 33. Ne4 Re2 34. f3 Bd5 35. Qh8+ Ke7 36. Qf6+ Kd7 37. Nc3 Rd2 38. Nxd5 cxd5
39. Qxf7+ Kc6 40. Qf6+ 1-0

[Event "Mindsports Masters GM"]
[Site "London"]
[Date "2022.09.12"]
[Round "6.5"]
[White "Moreby, James"]
[Black "Rowson, Jonathan"]
[Result "1/2-1/2"]
[WhiteElo "2319"]
[BlackElo "2561"]
[PlyCount "62"]
[EventDate "2022.09.09"]
[EventType "tourn"]
[EventRounds "9"]
[EventCountry "ENG"]
[SourceTitle "BritBase"]
[Source "John Saunders"]
[SourceDate "2022.12.07"]
[SourceVersion "1"]
[SourceVersionDate "2022.12.07"]
[SourceQuality "1"]

1. Nf3 d5 2. d4 Nf6 3. c4 e6 4. Nc3 Nbd7 5. cxd5 exd5 6. Bg5 c6 7. e3 Be7 8.
Bd3 O-O 9. Qc2 Re8 10. h3 Nf8 11. Bf4 Be6 12. O-O Rc8 13. Rfd1 Ng6 14. Bh2 Bd6
15. Bxd6 Qxd6 16. Rab1 Bd7 17. b4 Re7 18. b5 c5 19. dxc5 Rxc5 20. Qd2 Re8 21.
Na4 Rc7 22. Rdc1 b6 23. Rxc7 Qxc7 24. Rc1 Qd6 25. Qc3 Nf8 26. Nd4 Rc8 27. Qb2
Rxc1+ 28. Qxc1 Ne6 29. Qc3 Nc5 30. Nxc5 Qxc5 31. Qb2 Kf8 1/2-1/2

[Event "Mindsports Masters GM"]
[Site "London"]
[Date "2022.09.13"]
[Round "7.1"]
[White "Rowson, Jonathan"]
[Black "Czopor, Maciej"]
[Result "1/2-1/2"]
[WhiteElo "2561"]
[BlackElo "2415"]
[PlyCount "42"]
[EventDate "2022.09.09"]
[EventType "tourn"]
[EventRounds "9"]
[EventCountry "ENG"]
[SourceTitle "BritBase"]
[Source "John Saunders"]
[SourceDate "2022.12.07"]
[SourceVersion "1"]
[SourceVersionDate "2022.12.07"]
[SourceQuality "1"]

1. d4 Nf6 2. c4 e6 3. Nc3 d5 4. cxd5 exd5 5. Bg5 c6 6. Qc2 Bd6 7. e3 O-O 8. Bd3
h6 9. Bh4 Re8 10. Nge2 a5 11. h3 Na6 12. a3 Nc7 13. g4 Ne6 14. a4 Bd7 15. Kf1
Rc8 16. Rd1 c5 17. Kg2 g5 18. Bg3 Bxg3 19. Kxg3 cxd4 20. exd4 Kg7 21. Kg2 Qb6
1/2-1/2

[Event "Mindsports Masters GM"]
[Site "London"]
[Date "2022.09.13"]
[Round "7.2"]
[White "Willow, Jonah B"]
[Black "Moreby, James"]
[Result "1-0"]
[WhiteElo "2385"]
[BlackElo "2319"]
[PlyCount "53"]
[EventDate "2022.09.09"]
[EventType "tourn"]
[EventRounds "9"]
[EventCountry "ENG"]
[SourceTitle "BritBase"]
[Source "John Saunders"]
[SourceDate "2022.12.07"]
[SourceVersion "1"]
[SourceVersionDate "2022.12.07"]
[SourceQuality "1"]

1. e4 c6 2. d4 d5 3. e5 Bf5 4. Nd2 e6 5. Nb3 Ne7 6. Nf3 Nd7 7. Be2 Nc8 8. O-O
Be7 9. a4 O-O 10. a5 a6 11. Bd2 Na7 12. Ra4 c5 13. dxc5 Bxc5 14. Nxc5 Nxc5 15.
Rf4 Qc7 16. Bb4 Rfc8 17. c4 Be4 18. cxd5 Bxd5 19. Qb1 Bxf3 20. Bxf3 Qxe5 21.
Rc4 Nb3 22. Rh4 g6 23. Bxb7 Rab8 24. Bxc8 Rxc8 25. Qd3 Qxb2 26. Rc4 Nc6 27.
Rxc6 1-0

[Event "Mindsports Masters GM"]
[Site "London"]
[Date "2022.09.13"]
[Round "7.3"]
[White "Royal, Shreyas"]
[Black "Lalic, Bogdan"]
[Result "1/2-1/2"]
[WhiteElo "2412"]
[BlackElo "2393"]
[PlyCount "51"]
[EventDate "2022.09.09"]
[EventType "tourn"]
[EventRounds "9"]
[EventCountry "ENG"]
[SourceTitle "BritBase"]
[Source "John Saunders"]
[SourceDate "2022.12.07"]
[SourceVersion "1"]
[SourceVersionDate "2022.12.07"]
[SourceQuality "1"]

1. d4 Nf6 2. c4 g6 3. Nc3 d5 4. cxd5 Nxd5 5. e4 Nxc3 6. bxc3 Bg7 7. Bc4 O-O 8.
Ne2 Nc6 9. O-O b6 10. Be3 Na5 11. Bd3 c5 12. Qd2 e5 13. Bg5 Qd6 14. Bh6 cxd4
15. cxd4 exd4 16. Bxg7 Kxg7 17. f4 f6 18. Rf3 Bg4 19. Rg3 Bxe2 20. Bxe2 Rae8
21. Bd3 Nb7 22. Rh3 Kh8 23. f5 g5 24. Re1 Nc5 25. Qd1 Nxd3 26. Rxd3 1/2-1/2

[Event "Mindsports Masters GM"]
[Site "London"]
[Date "2022.09.13"]
[Round "7.4"]
[White "Cherniaev, Alexander"]
[Black "Grieve, Harry"]
[Result "1/2-1/2"]
[WhiteElo "2395"]
[BlackElo "2418"]
[PlyCount "39"]
[EventDate "2022.09.09"]
[EventType "tourn"]
[EventRounds "9"]
[EventCountry "ENG"]
[SourceTitle "BritBase"]
[Source "John Saunders"]
[SourceDate "2022.12.07"]
[SourceVersion "1"]
[SourceVersionDate "2022.12.07"]
[SourceQuality "1"]

1. e4 c5 2. Nf3 e6 3. c3 Nf6 4. e5 Nd5 5. Bc4 d6 6. d4 cxd4 7. cxd4 Be7 8. O-O
O-O 9. Qe2 a6 10. Rd1 b5 11. Bxd5 exd5 12. Nc3 Be6 13. Bf4 Nc6 14. Rac1 Rc8 15.
h3 Re8 16. Qe3 Qd7 17. Ne2 Bf5 18. Nc3 Be6 19. Ne2 Bf5 20. Nc3 1/2-1/2

[Event "Mindsports Masters GM"]
[Site "London"]
[Date "2022.09.13"]
[Round "7.5"]
[White "Fitzsimons, David"]
[Black "Roberson, Peter T"]
[Result "1/2-1/2"]
[WhiteElo "2365"]
[BlackElo "2429"]
[PlyCount "103"]
[EventDate "2022.09.09"]
[EventType "tourn"]
[EventRounds "9"]
[EventCountry "ENG"]
[SourceTitle "BritBase"]
[Source "John Saunders"]
[SourceDate "2022.12.07"]
[SourceVersion "1"]
[SourceVersionDate "2022.12.07"]
[SourceQuality "1"]

1. e4 e6 2. d4 d5 3. Nc3 Nf6 4. e5 Nfd7 5. Nce2 c5 6. c3 Nc6 7. Nf3 Be7 8. a3
O-O 9. Nf4 Qa5 10. Ra2 Nxd4 11. Nxd4 cxd4 12. b4 Qb6 13. cxd4 f6 14. exf6 Nxf6
15. Bd3 Bd6 16. Be3 a5 17. b5 Qc7 18. g3 e5 19. dxe5 Bxe5 20. O-O Qf7 21. Be2
Kh8 22. Rc2 Bf5 23. Bd3 Bd7 24. Be2 d4 25. Bc4 Qe8 26. Bc1 Bxb5 27. Bxb5 Qxb5
28. Ne6 Rfc8 29. Nxd4 Qd5 30. Rxc8+ Rxc8 31. Nf3 Qxd1 32. Rxd1 Bc3 33. Rd6 b5
34. Rb6 b4 35. axb4 Bxb4 36. Bd2 Bxd2 37. Nxd2 Ra8 38. Nb1 h5 39. Nc3 a4 40.
Rb2 Nd7 41. Ne4 Ne5 42. Rb5 a3 43. Nc3 Nf3+ 44. Kg2 Ne1+ 45. Kf1 Nc2 46. Rxh5+
Kg8 47. Na2 Rb8 48. Ra5 Rb2 49. Nc3 Rb3 50. Na2 Rb2 51. Nc3 Rb3 52. Na2 1/2-1/2

[Event "Mindsports Masters GM"]
[Site "London"]
[Date "2022.09.13"]
[Round "8.1"]
[White "Czopor, Maciej"]
[Black "Roberson, Peter T"]
[Result "1-0"]
[WhiteElo "2415"]
[BlackElo "2429"]
[PlyCount "75"]
[EventDate "2022.09.09"]
[EventType "tourn"]
[EventRounds "9"]
[EventCountry "ENG"]
[SourceTitle "BritBase"]
[Source "John Saunders"]
[SourceDate "2022.12.07"]
[SourceVersion "1"]
[SourceVersionDate "2022.12.07"]
[SourceQuality "1"]

1. e4 e6 2. d4 d5 3. e5 c5 4. c3 Nc6 5. Nf3 Qb6 6. Bd3 cxd4 7. O-O Bd7 8. Re1
Nh6 9. Qe2 Be7 10. a3 Nf5 11. b4 Rc8 12. Bb2 O-O 13. Bxf5 exf5 14. cxd4 Be6 15.
Rd1 g5 16. Nc3 Qd8 17. Rac1 f4 18. h3 Qd7 19. Nh2 Bf5 20. Qf3 Rcd8 21. Ng4 Qe6
22. Nxd5 Rxd5 23. Nh6+ Qxh6 24. Qxd5 Qe6 25. Qf3 Qa2 26. Ba1 Bd8 27. d5 Ne7 28.
e6 Bb6 29. d6 Qxe6 30. dxe7 Qxe7 31. Re1 Qd6 32. Qc3 f6 33. Rcd1 Qb8 34. Re7
Bg6 35. Qc4+ Bf7 36. Rdd7 f3 37. Rxf7 Bxf2+ 38. Kxf2 1-0

[Event "Mindsports Masters GM"]
[Site "London"]
[Date "2022.09.13"]
[Round "8.2"]
[White "Grieve, Harry"]
[Black "Fitzsimons, David"]
[Result "1/2-1/2"]
[WhiteElo "2418"]
[BlackElo "2365"]
[PlyCount "43"]
[EventDate "2022.09.09"]
[EventType "tourn"]
[EventRounds "9"]
[EventCountry "ENG"]
[SourceTitle "BritBase"]
[Source "John Saunders"]
[SourceDate "2022.12.07"]
[SourceVersion "1"]
[SourceVersionDate "2022.12.07"]
[SourceQuality "1"]

1. d4 d5 2. Nf3 Nf6 3. e3 e6 4. b3 c5 5. Bb2 Nbd7 6. Nbd2 Be7 7. Bd3 b6 8. O-O
Bb7 9. Qe2 O-O 10. Ne5 Nxe5 11. dxe5 Ne4 12. Nxe4 dxe4 13. Ba6 Bxa6 14. Qxa6
Qc8 15. Qxc8 Raxc8 16. c4 Rfd8 17. Rfd1 Rxd1+ 18. Rxd1 Rd8 19. Rxd8+ Bxd8 20.
g4 g5 21. Kf1 Be7 22. Ke2 1/2-1/2

[Event "Mindsports Masters GM"]
[Site "London"]
[Date "2022.09.13"]
[Round "8.3"]
[White "Lalic, Bogdan"]
[Black "Cherniaev, Alexander"]
[Result "1/2-1/2"]
[WhiteElo "2393"]
[BlackElo "2395"]
[PlyCount "25"]
[EventDate "2022.09.09"]
[EventType "tourn"]
[EventRounds "9"]
[EventCountry "ENG"]
[SourceTitle "BritBase"]
[Source "John Saunders"]
[SourceDate "2022.12.07"]
[SourceVersion "1"]
[SourceVersionDate "2022.12.07"]
[SourceQuality "1"]

1. d4 f5 2. Nf3 Nf6 3. g3 g6 4. Bg2 Bg7 5. O-O O-O 6. c4 d6 7. Nc3 c6 8. d5 e5
9. dxe6 Bxe6 10. b3 Na6 11. Ng5 Qe7 12. Nxe6 Qxe6 13. Bb2 1/2-1/2

[Event "Mindsports Masters GM"]
[Site "London"]
[Date "2022.09.13"]
[Round "8.5"]
[White "Rowson, Jonathan"]
[Black "Willow, Jonah B"]
[Result "1/2-1/2"]
[WhiteElo "2561"]
[BlackElo "2385"]
[PlyCount "101"]
[EventDate "2022.09.09"]
[EventType "tourn"]
[EventRounds "9"]
[EventCountry "ENG"]
[SourceTitle "BritBase"]
[Source "John Saunders"]
[SourceDate "2022.12.07"]
[SourceVersion "1"]
[SourceVersionDate "2022.12.07"]
[SourceQuality "1"]

1. d4 Nf6 2. c4 e6 3. Nc3 Bb4 4. Bd2 c5 5. d5 O-O 6. f3 d6 7. e4 exd5 8. cxd5
Nh5 9. g4 Qh4+ 10. Ke2 Ng3+ 11. hxg3 Qxh1 12. Kf2 c4 13. Be3 h5 14. Bg2 Qh2 15.
Nb5 Nd7 16. Ne2 hxg4 17. f4 Nc5 18. Kf1 Nd3 19. Qc2 Bc5 20. Bxc5 Nxc5 21. Nxd6
b6 22. b4 cxb3 23. axb3 Ba6 24. Rxa6 Nxa6 25. e5 Rad8 26. Nf5 Rfe8 27. d6 Qh5
28. Ned4 Nc5 29. b4 Ne6 30. Nc6 g6 31. Nfe7+ Kg7 32. Nd5 Qh2 33. Qf2 Rh8 34. b5
Rh3 35. f5 gxf5 36. Nxd8 Nxd8 37. Qxf5 Rh6 38. Nf4 Qxg3 39. Qg5+ Rg6 40. Nxg6
Qd3+ 41. Kg1 Qd4+ 42. Kh1 fxg6 43. Qf6+ Kh7 44. Qe7+ Kh6 45. Qh4+ Kg7 46. Qf6+
Kh7 47. Kh2 Qe3 48. Qe7+ Kh6 49. Qh4+ Kg7 50. Qf6+ Kh7 51. Qe7+ 1/2-1/2

[Event "Mindsports Masters GM"]
[Site "London"]
[Date "2022.09.14"]
[Round "9.1"]
[White "Willow, Jonah B"]
[Black "Czopor, Maciej"]
[Result "1/2-1/2"]
[WhiteElo "2385"]
[BlackElo "2415"]
[PlyCount "93"]
[EventDate "2022.09.09"]
[EventType "tourn"]
[EventRounds "9"]
[EventCountry "ENG"]
[SourceTitle "BritBase"]
[Source "John Saunders"]
[SourceDate "2022.12.07"]
[SourceVersion "1"]
[SourceVersionDate "2022.12.07"]
[SourceQuality "1"]

1. e4 e5 2. Nf3 Nc6 3. Bb5 a6 4. Ba4 Nf6 5. d4 exd4 6. O-O Be7 7. e5 Ne4 8.
Nxd4 Nxd4 9. Qxd4 Nc5 10. Nc3 O-O 11. Rd1 d6 12. Be3 Be6 13. exd6 Qxd6 14. Qb4
Qb6 15. Qa3 Qa5 16. Bd2 Bd6 17. Bf4 Bxf4 18. b4 Qb6 19. bxc5 Qa5 20. Ne2 Be5
21. Nd4 Bc4 22. Rab1 Bb5 23. Rb4 Bxd4 24. Rbxd4 Bxa4 25. Rxa4 Rad8 26. Rf1 Qb5
27. Qb3 Qc6 28. Rb4 Qxc5 29. Rxb7 h6 30. Qa4 Rd6 31. Rb4 Rc6 32. c4 Rd8 33. Qb3
a5 34. Rb5 Qxc4 35. Qxc4 Rxc4 36. Rxa5 Rd2 37. Ra7 Rb2 38. g3 g6 39. a4 Ra2 40.
a5 Kg7 41. Ra8 h5 42. a6 Rc6 43. a7 Rca6 44. Rc8 Rxa7 45. Rc1 Ra1 46. R8xc7
Rxc7 47. Rxa1 1/2-1/2

[Event "Mindsports Masters GM"]
[Site "London"]
[Date "2022.09.14"]
[Round "9.2"]
[White "Royal, Shreyas"]
[Black "Rowson, Jonathan"]
[Result "1/2-1/2"]
[WhiteElo "2412"]
[BlackElo "2561"]
[PlyCount "50"]
[EventDate "2022.09.09"]
[EventType "tourn"]
[EventRounds "9"]
[EventCountry "ENG"]
[SourceTitle "BritBase"]
[Source "John Saunders"]
[SourceDate "2022.12.07"]
[SourceVersion "1"]
[SourceVersionDate "2022.12.07"]
[SourceQuality "1"]

1. d4 Nf6 2. c4 e6 3. Nf3 b6 4. g3 Ba6 5. b3 Bb7 6. Bg2 Bb4+ 7. Bd2 a5 8. O-O
O-O 9. Qc2 h6 10. Bc3 d6 11. a3 Bxc3 12. Nxc3 Nbd7 13. e4 e5 14. d5 c6 15. dxc6
Bxc6 16. Rfd1 Qc7 17. Qd3 Qb7 18. Qxd6 Rfe8 19. b4 axb4 20. axb4 Rxa1 21. Rxa1
Nxe4 22. Nxe4 Bxe4 23. Nh4 Nf6 24. Re1 Bxg2 25. Nxg2 Ne4 1/2-1/2

[Event "Mindsports Masters GM"]
[Site "London"]
[Date "2022.09.14"]
[Round "9.3"]
[White "Cherniaev, Alexander"]
[Black "Moreby, James"]
[Result "1-0"]
[WhiteElo "2395"]
[BlackElo "2319"]
[PlyCount "137"]
[EventDate "2022.09.09"]
[EventType "tourn"]
[EventRounds "9"]
[EventCountry "ENG"]
[SourceTitle "BritBase"]
[Source "John Saunders"]
[SourceDate "2022.12.07"]
[SourceVersion "1"]
[SourceVersionDate "2022.12.07"]
[SourceQuality "1"]

1. c4 e6 2. g3 d5 3. d4 Nf6 4. Bg2 Be7 5. Nf3 O-O 6. O-O c6 7. Qc2 Nbd7 8. Rd1
b6 9. Nc3 Ba6 10. b3 Rc8 11. e4 dxc4 12. Bf4 Bb4 13. Nd2 Qe7 14. Nxc4 Bxc4 15.
bxc4 e5 16. dxe5 Nxe5 17. Ne2 Bc5 18. Nd4 Rfd8 19. Nb3 Bd6 20. h3 c5 21. Be3
Qe6 22. Rac1 Bb8 23. Rxd8+ Rxd8 24. f4 Nc6 25. e5 Ne8 26. Bf2 Ne7 27. Rd1 Qc8
28. Rxd8 Qxd8 29. Nd2 f6 30. exf6 Nxf6 31. Ne4 Nxe4 32. Qxe4 Kh8 33. Be1 Qd4+
34. Qxd4 cxd4 35. Be4 Bd6 36. Kf2 g6 37. Ke2 Kg7 38. Bf2 Bc5 39. Kd3 Kf6 40.
Bxd4+ Bxd4 41. Kxd4 Ke6 42. c5 bxc5+ 43. Kxc5 Nc8 44. g4 Nd6 45. Bd5+ Kd7 46.
Kd4 Ne8 47. Ke5 Ke7 48. Bc4 h6 49. Bd3 Kf7 50. g5 hxg5 51. fxg5 Ng7 52. Kd6 Nh5
53. Ke5 Ng3 54. a4 Nh1 55. h4 Ng3 56. a5 Nh5 57. a6 Ng7 58. Kd6 Nh5 59. Kc7 Nf4
60. Be4 Ke7 61. Kb7 Kd7 62. Bc6+ Kd6 63. Be8 Ne6 64. Bxg6 Nc5+ 65. Kxa7 Kc7 66.
h5 Nd7 67. h6 Nb6 68. Bf5 Nc8+ 69. Bxc8 1-0

[Event "Mindsports Masters GM"]
[Site "London"]
[Date "2022.09.14"]
[Round "9.4"]
[White "Fitzsimons, David"]
[Black "Lalic, Bogdan"]
[Result "1/2-1/2"]
[WhiteElo "2365"]
[BlackElo "2393"]
[PlyCount "20"]
[EventDate "2022.09.09"]
[EventType "tourn"]
[EventRounds "9"]
[EventCountry "ENG"]
[SourceTitle "BritBase"]
[Source "John Saunders"]
[SourceDate "2022.12.07"]
[SourceVersion "1"]
[SourceVersionDate "2022.12.07"]
[SourceQuality "1"]

1. d4 Nf6 2. c4 e6 3. Nc3 Bb4 4. Qc2 O-O 5. a3 Bxc3+ 6. Qxc3 d5 7. Nf3 dxc4 8.
Qxc4 b6 9. Bg5 Ba6 10. Qa4 c5 1/2-1/2

[Event "Mindsports Masters GM"]
[Site "London"]
[Date "2022.09.14"]
[Round "9.5"]
[White "Roberson, Peter T"]
[Black "Grieve, Harry"]
[Result "1/2-1/2"]
[WhiteElo "2429"]
[BlackElo "2418"]
[PlyCount "95"]
[EventDate "2022.09.09"]
[EventType "tourn"]
[EventRounds "9"]
[EventCountry "ENG"]
[SourceTitle "BritBase"]
[Source "John Saunders"]
[SourceDate "2022.12.07"]
[SourceVersion "1"]
[SourceVersionDate "2022.12.07"]
[SourceQuality "1"]

1. e4 c5 2. Nf3 e6 3. d4 cxd4 4. Nxd4 Nc6 5. Nc3 Qc7 6. Be3 a6 7. g4 Nxd4 8.
Qxd4 b5 9. O-O-O Bb7 10. Kb1 Nf6 11. g5 Ng4 12. Bf4 e5 13. Nd5 O-O-O 14. f3
exd4 15. Bxc7 Re8 16. Bg3 Bxd5 17. exd5 Ne3 18. Rxd4 Nf5 19. Re4 Rxe4 20. fxe4
Nxg3 21. hxg3 Bd6 22. a4 bxa4 23. Bxa6+ Kc7 24. Bb5 Re8 25. Rxh7 Rxe4 26. Bd3
Re1+ 27. Ka2 Be5 28. Rh4 Kd6 29. Rxa4 Kxd5 30. Bc4+ Kc5 31. Bxf7 Bxg3 32. g6
Be5 33. c3 d6 34. Rc4+ Kb6 35. Kb3 Rg1 36. Rb4+ Kc6 37. Rc4+ Kd7 38. Rb4 Kc6
39. Be8+ Kc7 40. Ka4 Ra1+ 41. Kb3 Rg1 42. Rc4+ Kd8 43. Bf7 Kd7 44. Ka4 Ra1+ 45.
Kb5 Ra8 46. b4 Ra3 47. Bd5 Rxc3 48. Rxc3 1/2-1/2

[Event "Mindsports Masters IM"]
[Site "London"]
[Date "2022.09.09"]
[Round "1.1"]
[White "Bezuidenhout, Roland"]
[Black "Large, Peter G"]
[Result "0-1"]
[WhiteElo "2269"]
[BlackElo "2298"]
[PlyCount "112"]
[EventDate "2022.09.09"]
[EventType "tourn"]
[EventRounds "9"]
[EventCountry "ENG"]
[SourceTitle "BritBase"]
[Source "John Saunders"]
[SourceDate "2022.12.07"]
[SourceVersion "1"]
[SourceVersionDate "2022.12.07"]
[SourceQuality "1"]

1. e4 e6 2. d3 d5 3. Qe2 Nf6 4. Nf3 c5 5. g3 Nc6 6. Bg2 Be7 7. O-O b6 8. e5 Nd7
9. c4 Nf8 10. h4 h6 11. Nc3 Bb7 12. h5 Qd7 13. Rd1 d4 14. Ne4 Qc7 15. Bf4 g5
16. Nd6+ Bxd6 17. exd6 Qd8 18. Bd2 Qxd6 19. a3 Nd7 20. b4 O-O-O 21. b5 Na5 22.
Bxa5 bxa5 23. Nd2 f5 24. Bxb7+ Kxb7 25. Nb3 Qb6 26. a4 g4 27. Qe1 Ka8 28. Nxa5
Qd6 29. Kh2 Ne5 30. Qh1+ Nf3+ 31. Kg2 Rc8 32. Nb3 Rhe8 33. Nd2 Ng5 34. Kf1+ Kb8
35. a5 e5 36. Re1 Re7 37. Rab1 Rce8 38. Qc6 Qxc6 39. bxc6+ Kc7 40. Rb5 Nf3 41.
Nxf3 gxf3 42. Rxc5 Kd6 43. Rd5+ Kxc6 44. Rb1 Rd7 45. Rdb5 Kd6 46. Ke1 Ke6 47.
Kd2 Kf6 48. Rb7 Rxb7 49. Rxb7 e4 50. Rxa7 e3+ 51. Ke1 Kg5 52. Rg7+ Kxh5 53. a6
Re5 54. g4+ Kh4 55. fxe3 dxe3 56. Kf1 e2+ 0-1